España y Francia en Marruecos a principios de 1911 / (Record no. 135288)

MARC details
000 -LEADER
campo de control de longitud fija 00437nam a2200145 i 4500
001 - NÚMERO DE CONTROL
campo de control 135288
003 - IDENTIFICADOR DE NÚMERO DE CONTROL
campo de control ES-MaACL
005 - FECHA Y HORA DE LA ÚLTIMA TRANSACCIÓN
campo de control 20230906194841.0
007 - CAMPO FIJO DE DESCRIPCIÓN FÍSICA--INFORMACIÓN GENERAL
campo de control de longitud fija t|
008 - DATOS DE LONGITUD FIJA--INFORMACIÓN GENERAL
campo de control de longitud fija 070716s1911 sp ||||1| spa d
100 1# - ENTRADA PRINCIPAL--NOMBRE DE PERSONA
Nombre de persona Torcy, Louis-Joseph-Gilles de.
9 (RLIN) 110625
245 10 - MENCIÓN DEL TÍTULO
Título España y Francia en Marruecos a principios de 1911 /
Mención de responsabilidad, etc. Louis-Joseph-Gilles de Torcy.
260 ## - PUBLICACIÓN, DISTRIBUCIÓN, ETC.
Lugar de publicación, distribución, etc. Madrid :
Nombre del editor, distribuidor, etc. Adrián Romo,
Fecha de publicación, distribución, etc. 1911.
852 ## - LOCALIZACIÓN
Ubicación ES-MaACL
Número de control de estantería F-1413-F-6
Holdings
Estatus retirado Estado de pérdida Estado de daño No para préstamo Biblioteca de origen Biblioteca actual Ubicación en estantería Fecha de adquisición Fuente de adquisición Total de préstamos Signatura topográfica completa Código de barras Visto por última vez Precio de reemplazo Tipo de ítem Koha
        Biblioteca del Ateneo de Madrid Biblioteca del Ateneo de Madrid Depósito folletos 17/01/2008     F-1413-F-6 1140811 23/02/2023 23/02/2023 Libro impreso